000 00766nam a22002537a 4500
005 20240816104349.0
008 181203b xxu||||| |||| 00| 0 eng d
020 _a9781107635579
_cRs.325.00
040 _aLoreto College
041 _aEnglish
082 _a822.33HAM
_bSHA-EDW
100 _aShakespeare,William
245 _aHamlet,Prince of Denmark
_cWilliam Shakespeare;edited by Philip Edwards
250 _aUpdated ed
260 _aNew Delhi
_bCambridge University Press
_c2012
300 _axi,258p
_b22cm
440 _aThe new Cambridge Shakespeare
500 _aFirst published 1985
600 _aShakespeare,William
_d1564-1616
650 _aShakespeare,William
_vEnglish drama
700 _4ed.
_aEdwards,Philip
850 _aLCBED
942 _cBK
999 _c41852
_d92331